000 00425nam a22001697a 4500
005 20180327111302.0
008 160624b xxu||||| |||| 00| 0 eng d
020 _a81-7808-077-X
041 _aeng
082 _b9792
_a338.88
100 _aDaniels, John D and Radebaugh, Lee H
_92653
245 _aInternational Business
260 _a Delhi
_bPearson Education
300 _a909
650 _aManagement
_9241
942 _cBK
999 _c3823
_d3822